Lost words: the stories they wouldn't let you read (Record no. 49536)

MARC details
000 -LEADER
fixed length control field 00709nam a2200193 a 4500
008 - FIXED-LENGTH DATA ELEMENTS--GENERAL INFORMATION
fixed length control field 120416s1997 ||||||||||||||||| || u
020 ## - INTERNATIONAL STANDARD BOOK NUMBER
International Standard Book Number 0904286568
050 ## - LIBRARY OF CONGRESS CALL NUMBER
Classification number PN 156 Los
100 ## - MAIN ENTRY--PERSONAL NAME
Personal name Saro-Wiwa, Ken, Toer, Pramoedya Ananta
245 10 - TITLE STATEMENT
Title Lost words: the stories they wouldn't let you read
260 ## - PUBLICATION, DISTRIBUTION, ETC.
Place of publication, distribution, etc. Cambridge:
Name of publisher, distributor, etc. Nieman Foundation
Date of publication, distribution, etc. 1997
300 ## - PHYSICAL DESCRIPTION
Extent 192p. : ill.
350 ## - PRICE (NR) (BK AM CF MU VM SE) [OBSOLETE]
Price 0.00
650 ## - SUBJECT ADDED ENTRY--TOPICAL TERM
Topical term or geographic name entry element ENGLISH--DICTIONARIES
650 ## - SUBJECT ADDED ENTRY--TOPICAL TERM
Topical term or geographic name entry element ENGLISH LANGUAGE--TERMS AND PHRASES
700 ## - ADDED ENTRY--PERSONAL NAME
Personal name Le Guin, Ursula K
700 ## - ADDED ENTRY--PERSONAL NAME
Personal name Thida, Ma, Greene, Graham
995 ## - RECOMMENDATION 995 [LOCAL, UNIMARC FRANCE]
-- 0.00
-- CBU-MAIN LIBRARY (Kitwe)
-- 1
-- 14.95
-- 1
-- LOST
-- Main Library Open Access Collection
Holdings
Withdrawn status Lost status Source of classification or shelving scheme Damaged status Not for loan Home library Current library Shelving location Date acquired Total Checkouts Full call number Barcode Date last seen Price effective from Koha item type
          CBU-MAIN LIBRARY, KITWE. CBU-MAIN LIBRARY, KITWE.   11/30/2022   PN 156 Los 729127 11/30/2022 11/30/2022 MONOGRAPH